000 00685nam a2200241Ia 4500
003 OSt
005 20220923225002.0
006 a|||||r|||| 00| 0
007 ta
008 220922b |||||||| |||| 00| 0 hin d
024 _a254,681
037 _cTextual
040 _aARTS
_cARTS
_bhin
041 _2hin
_ahin
082 _aO152,3NBH4,PB, M5
100 _aभव्य प्रकाश
_9156291
245 0 _aपथ भ्रष्ट
246 _aPath bhraṣhṭa
260 _c1985
650 _aहिन्दी साहित्य
_9156264
942 _hO152,3NBH4,PB, M5
_cTEXL
_2CC
999 _c375230
_d375230